LEADER 01652nam a2200361 a 4500
001 c000178220
003 CARM
005 19990919000000.0
008 841204s1985 nyua b 101 0 eng
010 |a 84026444 
019 1 |a 3692017  |5 LACONCORD2021 
020 |a 0306419041 
035 |a (OCoLC)11532293  |5 LACONCORD2021 
040 |a DLC  |b eng  |c DLC  |d DLC  |d LC 
050 0 0 |a QC794.8.E44  |b E97 1983 
082 0 0 |a 539.7/54  |2 19 
082 0 4 |a 539.7/54  |2 19 
111 2 |a Europhysics Study Conference on Electroweak Effects at High Energies  |n (1st :,  |d 1983 :  |c Erice, Italy) 
245 1 0 |a Electroweak effects at high energies /  |c edited by Harvey B. Newman. 
260 |a New York :  |b Plenum Press,  |c c1985. 
300 |a xx, 866 p. :  |b ill. ;  |c 26 cm. 
440 0 |a Ettore Majorana international science series.  |p Physical sciences ;  |v v. 21. 
500 |a "Proceedings of the First Europhysics Study Conference on Electroweak Effects at High Energies, held February 1-12, 1983, at the Ettore Majorana Center for Scientific Culture, Erice, Sicily, Italy"--T.p. verso. 
504 |a Includes bibliographies and index. 
650 0 |a Electroweak interactions  |x Congresses. 
650 0 |a Particles (Nuclear physics)  |x Congresses. 
650 0 |a Lepton-nucleon scattering  |x Congresses. 
650 0 |a Electrons  |x Scattering  |x Congresses. 
650 0 |a Collisions (Nuclear physics)  |x Congresses. 
700 1 |a Newman, Harvey B. 
852 8 |b CARM  |h A2:AK22C0  |i C06386  |p 0240978  |f BK 
999 f f |i 9d7caeab-53a5-505a-900e-9566cbc9b4a4  |s 9dac5971-20e6-5de9-8f1d-74d66fcb462c 
952 f f |p Can circulate  |a CAVAL  |b CAVAL  |c CAVAL  |d CARM 1 Store  |e C06386  |f A2:AK22C0  |h Other scheme  |i book  |m 0240978